Регионална библиотека "Любен Каравелов" - Русе

Изгубените тайни на Свещения кивот (Запис номер 73671)

MARC детайли
000 -Лидер
Контролно поле с фиксирана дължина 01579nam a2200385 c 4500
003 - Код на организацията, давaща контролен номер
Контролно поле BLK
005 - Дата и час на последна редакция
Контролно поле 20230110113911.0
008 - Елементи от данни с фиксирана дължина
fixed length control field 180408b bul|||||r ||||||| ||bul||
010 ## - Наследен системен номер
LC control number KNG00078066000
020 ## - Международен стандартен номер на книга ISBN
Международен стандартен номер на книга ISBN 978-954-585-809-3
-- издат.: Бард
040 ## - Източник на каталожния запис
Идентификатор на билиотеката - собственик на записа BLK
041 ## - Код за език
Код за езика на текст/звукозапис или на отделно заглавие Български
Код за езика КДБФ Български
080 ## - УДК
Текстов определител УДК Паметници на културата на историческите периоди. Археологическите паметници. Старини
УДК код - определител по УДК 904
УДК определител (02.062)
УДК - код + определител 904(02.062)
100 1# - Редна дума - Автор
Автор Гарднър, Лорънс
Авторска отговорност първи автор
R(LIN) 255659
139 ## - Редно поле
Редна дума Гарднър, Лорънс
Авторски знак Гар - Г 23
245 10 - Сведения за заглавието
Заглавие Изгубените тайни на Свещения кивот
Редно поле (дума) Лорънс Гарднър; прев. от англ. Боряна Гечева.
257 ## - Страна на издаване
Страна на създаване/издаване Великобритания
260 ## - Област на издателските данни
-- София
Име на издателя, разпространителя и проч. Бард
Година на издаване 2007
300 ## - Физическа характеристика
Страници 431 с.
Илюстрации и др. с ил., к., сх.
Размери/Мащаб 21 см
380 ## - Жанр
Жанр История
490 1# - СЕРИИ (Колекции)
Име на серия Поредица Загадки и мистерии
500 ## - Общи забележки
Забележка Ориг. загл. Lost Secrets of the Sacred Ark / Laurence Gardner. - Офс. изд. - Съдържа и Генеалогии.
650 #4 - Допълнително описание по предмет – тема
Основно описание – тема или топоним Реликви
9 (RLIN) 169315
653 ## - Ключова дума – ненормативна
Ключова дума Кивот
653 ## - Ключова дума – ненормативна
Ключова дума Стар Завет
653 ## - Ключова дума – ненормативна
Ключова дума християнска символика
653 ## - Ключова дума – ненормативна
Ключова дума окултизъм
653 ## - Ключова дума – ненормативна
Ключова дума реликви
700 1# - Други автори (авторска отговорност)
Лично име Гечева, Боряна
Автороска отговорност (Описва отношението между автора и произведението) прев. от англ.
9 (RLIN) 250667
852 ## - Местоположение
Форматна сигнатура Цб 235910
856 4# - Електронен адрес и достъп
Електронен формат pdf - файл
Път до файла /url/
856 4# - Електронен адрес и достъп
Електронен формат pdf - файл
Път до файла /url/
942 ## - АРТИКУЛИ
Вид на библиотечния материал Книги
Скрит в OPAC Не
Koha issues (borrowed), all copies 8
944 ## - СЪЗДАВАНЕ И РЕДАКЦИЯ на ЗАПИСА
Създаване/Редакция Създаване
Дата на регистрацията/редакция 02.10.2007
Служител, извършил регистрацията/редакцията Людмила_Стоянова
944 ## - СЪЗДАВАНЕ И РЕДАКЦИЯ на ЗАПИСА
Създаване/Редакция Редакция
Дата на регистрацията/редакция 04.08.2008
Служител, извършил регистрацията/редакцията
999 ## - СИСТЕМНИ КОНТРОЛНИ НОМЕРА
Koha biblionumber 73671
Koha biblioitemnumber 73671
Наличности
Код за отписване Код за изгубен артикул Код за повреда Коз за рестрикции Код за отдаване Артикулен № Име на библиотеката - собственик Име на библиотеката, в която се намира в момента Статус (Текущо местоположение) Дата на вписване в системата Местоположение - отдел Цена в лева Инвентарен номер Систематично азбучна сигнатура Баркод Номер на екземпляра Цена в евро Служебна бележка Служебен тип на артикула
Изтеглен Не е изгубен Не е повреден без рестрикции заемане за дома 119791 Регионална библиотека "Любен Каравелов" Русе Регионална библиотека "Любен Каравелов" Русе Заемна - подръчен фонд 2007-09-27 Заемна - подръчен фонд 11.99 120000717400 П 904/Г 23 120000717400 1 6.13 Дост: Pk Вид: Ф N: 145 Дата: 27.09.2007 Дата инв: 07.02.2018 Бележки инв: П2018 Книги
Изтеглен Не е изгубен Не е повреден без рестрикции заемане за дома 119792 Регионална библиотека "Любен Каравелов" Русе Регионална библиотека "Любен Каравелов" Русе Заемна - подръчен фонд 2007-10-09 Заемна - подръчен фонд 11.99 120000717776 П 904/Г 23 120000717776 2 6.13 Дост: Pk Вид: Ф N: 9216 Дата: 01.10.2007 Дата инв: 07.02.2018 Бележки инв: П2018 Книги
  Не е изгубен Не е повреден без рестрикции ползва се в читалня 119793 Регионална библиотека "Любен Каравелов" Русе Регионална библиотека "Любен Каравелов" Русе Хранилище 2007-11-28 Хранилище 11.99 120000720501 Цб 235910 120000720501 3 6.13 Дост: Dp Вид: Д N: 36 Дата: 16.08.2007 Книги
Vip Innovations Ltd, Rousse, Bulgaria 2025